000 00424nam a2200157Ia 4500
008 241228s9999 xx 000 0 und d
020 _a9781003213451 | 9781032081595
082 _a621.381 REN/E
100 _aReniwal, Bhupendra Singh
245 0 _aEnergy efficient and reliable embedded nanoscale SRAM design
260 _aBoca Raton,
260 _bCRC Press,
260 _c2023
300 _axiv, 206p.
942 _cBK
999 _c40111
_d40111